[Event "41st Olympiad Women 2014"]
[Site "Tromso NOR"]
[Date "2014.08.11"]
[Round "9.11"]
[Board "2"]
[White "Stockova, Zuzana"]
[Black "Vojinovic, Jovana"]
[Result "1-0"]
[WhiteTitle "IM"]
[BlackTitle "WGM"]
[WhiteElo "2383"]
[BlackElo "2312"]
[WhiteTeam "Slovakia"]
[BlackTeam "Serbia"]
[WhiteFideId "14900866"]
[BlackFideId "937266"]
[EventDate "2014.08.02"]

1. e4 e6 2. d4 d5 3. e5 c5 4. Nf3 Nc6 5. Bd3 cxd4 6. O-O Nge7 7. Bf4 Ng6 8. Bg3
Be7 9. Nbd2 f5 10. exf6 gxf6 11. Nh4 Kf7 12. Qh5 f5 13. Nhf3 a6 14. Bf4 Kg8 15.
Bh6 Qe8 16. Nb3 Bf6 17. Rfe1 Qf7 18. Ng5 Bxg5 19. Qxg5 e5 20. h4 e4 21. Be2 Bd7
22. h5 Re8 23. Rad1 f4 24. Nxd4 f3 25. Nxf3 exf3 26. Bxf3 d4 27. Rxe8+ Qxe8 28.
Bd5+ Qf7 29. Qf6 1-0

[Event "41st Olympiad Women 2014"]
[Site "Tromso NOR"]
[Date "2014.08.11"]
[Round "9.11"]
[Board "4"]
[White "Machalova, Veronika"]
[Black "Rakic, Marija"]
[Result "1-0"]
[WhiteTitle "WFM"]
[BlackTitle "WIM"]
[WhiteElo "2214"]
[BlackElo "2323"]
[WhiteTeam "Slovakia"]
[BlackTeam "Serbia"]
[WhiteFideId "14904888"]
[BlackFideId "936286"]
[EventDate "2014.08.02"]

1. e4 c5 2. Nc3 e6 3. Nf3 d6 4. d4 cxd4 5. Nxd4 Nf6 6. Be2 Be7 7. O-O O-O 8. Kh1
Nc6 9. f4 Bd7 10. Be3 Nxd4 11. Bxd4 Bc6 12. Bd3 g6 13. Qe1 Nh5 14. f5 Bh4 15.
Qe2 Bg5 16. fxe6 fxe6 17. Qg4 Qe7 18. Bc4 Bd7 19. Nd5 Qd8 20. Rxf8+ Kxf8 21.
Rf1+ Kg8 22. Nb6 Bf6 23. Nxd7 Bxd4 24. Rf8+ Qxf8 25. Nxf8 Rxf8 26. Qxe6+ Kh8 27.
Qxd6 Bg7 28. g3 Nf6 29. e5 Ne4 30. Qd5 Nf2+ 31. Kg1 Ng4 32. e6 Bf6 33. Qe4 Ne5
34. Bb5 Nc6 35. Bxc6 bxc6 36. e7 Re8 37. Qxc6 Bd4+ 38. Kg2 Rxe7 39. Qa8+ Kg7 40.
Qd8 Bf6 41. Qb8 g5 42. c3 h5 43. Qb5 Re5 44. Qd3 h4 45. b4 Re7 46. c4 g4 47.
gxh4 Bxh4 48. c5 Bf6 49. a4 Be5 50. b5 Bc7 51. Qd4+ Be5 52. Qd8 Bf6 53. Qd3 Rc7
54. Qd6 Re7 55. c6 Re2+ 56. Kf1 Re4 57. Qd7+ Kg6 58. Qd3 Kf5 59. c7 1-0

[Event "41st Olympiad Women 2014"]
[Site "Tromso NOR"]
[Date "2014.08.11"]
[Round "9.12"]
[Board "1"]
[White "Golubenko, Valentina"]
[Black "Ziaziulkina, Nastassia"]
[Result "1-0"]
[WhiteTitle "WGM"]
[BlackTitle "IM"]
[WhiteElo "2269"]
[BlackElo "2407"]
[WhiteTeam "Croatia"]
[BlackTeam "Belarus"]
[WhiteFideId "4501993"]
[BlackFideId "13505211"]
[EventDate "2014.08.02"]

1. d4 d5 2. c4 e6 3. Nf3 c6 4. Nbd2 Nf6 5. g3 Be7 6. Bg2 O-O 7. O-O Nbd7 8. Qc2
b6 9. e4 dxe4 10. Nxe4 Nxe4 11. Qxe4 Bb7 12. Rd1 Rc8 13. Bf4 Nf6 14. Qc2 Bd6 15.
Be5 h6 16. Qa4 a5 17. Qb3 Be7 18. Bf4 Ra8 19. a4 Bb4 20. Ne5 Rc8 21. Nd3 Be7 22.
c5 Nd5 23. Bxd5 cxd5 24. Qxb6 Qxb6 25. cxb6 Ba6 26. Bc7 Bd8 27. Bd6 Bxb6 28.
Bxf8 Kxf8 29. Ne5 Ke8 30. Rac1 Rxc1 31. Rxc1 Bxd4 32. Rc6 Bb7 33. Rc7 Ba6 34.
Nxf7 Bxb2 35. Nd6+ Kd8 36. Rc6 Bd3 37. Nb7+ Kd7 38. Nxa5 d4 39. Rb6 Bc3 40. Nb3
Kc7 41. Rxe6 Bc4 42. Nxd4 Bxe6 43. Nxe6+ Kd6 44. Nf4 g5 45. Ne2 Bd2 46. Nd4 Kd5
47. Nb3 Bb4 48. a5 Bd6 49. Kg2 Kc4 50. a6 Bb8 51. Nd2+ Kb5 52. Kf3 Kxa6 53. Kg4
Bd6 54. Ne4 Bf8 55. Kh5 Kb5 56. Nf6 Kc4 57. Ng4 Kd3 58. Nxh6 Ke2 59. Kxg5 Kxf2
60. Nf5 Kf3 61. h4 Bb4 62. h5 Bd2+ 63. Kg6 Kg4 64. h6 Bxh6 65. Kxh6 Kxf5 66. Kh5
Kf6 67. g4 Kf7 68. Kh6 Kg8 69. g5 Kh8 70. g6 Kg8 71. g7 1-0

[Event "41st Olympiad Women 2014"]
[Site "Tromso NOR"]
[Date "2014.08.11"]
[Round "9.12"]
[Board "2"]
[White "Nevioselaya, Maria"]
[Black "Franciskovic, Borka"]
[Result "1/2-1/2"]
[BlackTitle "WIM"]
[WhiteElo "2032"]
[BlackElo "2318"]
[WhiteTeam "Belarus"]
[BlackTeam "Croatia"]
[WhiteFideId "13502280"]
[BlackFideId "14507943"]
[EventDate "2014.08.02"]

1. e4 c6 2. d4 d5 3. Nc3 dxe4 4. Nxe4 Bf5 5. Ng3 Bg6 6. h4 h6 7. Nf3 Nd7 8. h5
Bh7 9. Bd3 Bxd3 10. Qxd3 e6 11. Bd2 Qc7 12. O-O-O Ngf6 13. Ne4 O-O-O 14. g3 Nxe4
15. Qxe4 Nf6 16. Qe2 Bd6 17. c4 c5 18. Bc3 cxd4 19. Nxd4 a6 20. Nb3 Qc6 21. Rhe1
Bc7 22. Rxd8+ Rxd8 23. Kb1 Rd7 24. f4 Rd8 25. Be5 Bxe5 26. fxe5 Nh7 27. Qe3 Kb8
28. Nd2 Ng5 29. a3 Kc8 30. Re2 Qd7 31. Ne4 Nxe4 32. Qxe4 Qd3+ 33. Ka2 Rd4 34.
Qxd3 Rxd3 35. Rf2 Rxg3 36. Rxf7 Rg5 37. b4 Rxh5 38. Rxg7 Rxe5 39. Kb3 h5 40. Rh7
b6 41. Kc3 Re3+ 42. Kd4 Rxa3 43. c5 bxc5+ 44. bxc5 h4 45. Ke5 Rd3 46. Kxe6 h3
47. Ke5 Kd8 48. Ke4 Rd1 49. Rxh3 Kc7 50. Ra3 1/2-1/2

[Event "41st Olympiad Women 2014"]
[Site "Tromso NOR"]
[Date "2014.08.11"]
[Round "9.12"]
[Board "3"]
[White "Jelica, Mara"]
[Black "Kaliadzich, Maryia"]
[Result "0-1"]
[WhiteTitle "WIM"]
[WhiteElo "2184"]
[BlackElo "2020"]
[WhiteTeam "Croatia"]
[BlackTeam "Belarus"]
[WhiteFideId "14504111"]
[BlackFideId "13500015"]
[EventDate "2014.08.02"]

1. e4 c5 2. Nf3 Nc6 3. d4 cxd4 4. Nxd4 e5 5. Nb5 a6 6. Nd6+ Bxd6 7. Qxd6 Qe7 8.
Qd1 Nf6 9. Nc3 d6 10. Bg5 Be6 11. Be2 O-O 12. O-O Rac8 13. f4 Nd4 14. Bd3 Qd8
15. Kh1 b5 16. a3 Rc5 17. f5 Bc4 18. Bxc4 Rxc4 19. Rc1 h6 20. Bh4 g5 21. Bg3 Kg7
22. Qd3 Qc7 23. h4 Rg8 24. Rf2 Kf8 25. Nd5 Nxd5 26. exd5 gxh4 27. Bh2 f6 28. c3
Nb3 29. Re1 Qg7 30. Qf3 Qg5 31. Rfe2 a5 32. Rg1 a4 33. Rf1 Nd2 34. Rxd2 Qxd2 35.
Rg1 Rcg4 36. c4 bxc4 37. g3 hxg3 38. Bxg3 Qg5 0-1

[Event "41st Olympiad Women 2014"]
[Site "Tromso NOR"]
[Date "2014.08.11"]
[Round "9.12"]
[Board "4"]
[White "Revo, Tatiana"]
[Black "Deur Saric, Zrinka"]
[Result "0-1"]
[BlackTitle "WFM"]
[WhiteElo "2023"]
[BlackElo "2113"]
[WhiteTeam "Belarus"]
[BlackTeam "Croatia"]
[WhiteFideId "13506480"]
[BlackFideId "14512670"]
[EventDate "2014.08.02"]

1. e4 c5 2. Nf3 Nc6 3. Bb5 g6 4. O-O Bg7 5. c3 Nf6 6. Re1 O-O 7. h3 Qb6 8. Bxc6
dxc6 9. d3 Rd8 10. Qc2 Qc7 11. Be3 b6 12. Na3 Ba6 13. Red1 e5 14. d4 cxd4 15.
cxd4 exd4 16. Bxd4 c5 17. Be5 Qc6 18. Bxf6 Qxf6 19. e5 Qf4 20. Qc3 Be2 21. Re1
Bxf3 22. Qxf3 Bxe5 23. Qxf4 Bxf4 24. Nb5 Kf8 25. Re2 Rd7 26. g3 Bg5 27. a4 Rad8
28. Kg2 Bf6 29. Nc3 Rd2 30. Rae1 Rxb2 31. Ne4 Rxe2 32. Rxe2 Bd4 33. Rc2 h6 34.
a5 f5 35. Nd2 Bf6 36. Nb3 Rd5 37. Kf1 Ke7 38. Ke2 Kd7 39. Ra2 b5 40. Rc2 Kc6 41.
f4 c4 42. Nd2 Kc5 43. g4 Kb4 44. Ra2 c3 0-1

[Event "41st Olympiad Women 2014"]
[Site "Tromso NOR"]
[Date "2014.08.11"]
[Round "9.13"]
[Board "2"]
[White "Rivera, Ingris"]
[Black "Videnova, Iva"]
[Result "1-0"]
[WhiteTitle "WIM"]
[BlackTitle "WGM"]
[WhiteElo "2210"]
[BlackElo "2342"]
[WhiteTeam "Colombia"]
[BlackTeam "Bulgaria"]
[WhiteFideId "4402472"]
[BlackFideId "2907763"]
[EventDate "2014.08.02"]

1. d4 Nf6 2. c4 g6 3. Nc3 d5 4. cxd5 Nxd5 5. e4 Nxc3 6. bxc3 Bg7 7. Bg5 c5 8.
Rc1 O-O 9. Nf3 Bg4 10. d5 Qd6 11. Be2 Nd7 12. O-O f5 13. exf5 Rxf5 14. Bh4 Kh8
15. c4 Bxf3 16. Bxf3 Be5 17. Bg4 Rf4 18. Bg3 Rd4 19. Qe2 Bxg3 20. fxg3 Qe5 21.
Rfe1 Qxe2 22. Bxe2 Kg7 23. Rb1 b6 24. a4 Re8 25. a5 e5 26. axb6 axb6 27. Ra1 Kf7
28. Ra7 Ke7 29. Bd1 Kd6 30. Ba4 Re7 31. Bb5 Rd2 32. Rb7 Rb2 33. Rf1 e4 34. Bxd7
Rxd7 35. Rf6+ Ke7 36. Rbxb6 Rxb6 37. Rxb6 Ra7 38. Re6+ Kd7 39. Rxe4 Ra2 40. h3
Rc2 41. g4 g5 42. Kf1 h6 43. g3 Rc3 44. Kf2 Rc2+ 45. Kf3 Rc3+ 46. Ke2 Rxg3 47.
Re3 Rg2+ 48. Kd3 Ra2 49. Ke4 Rc2 50. Ke5 Rxc4 51. Ra3 Rc1 52. Ra7+ Kc8 53. d6
Rd1 54. Ke6 c4 55. d7+ Kb8 56. Ra4 c3 57. Rb4+ Ka7 58. Rc4 Kb7 59. Rxc3 Re1+ 60.
Kd6 Rd1+ 61. Ke7 Re1+ 62. Kd8 Re2 63. Rb3+ Ka7 64. Rb5 Ka6 65. Rd5 Kb7 66. Rd6
h5 67. gxh5 Re3 68. h6 Re4 69. h7 Rh4 70. Ke8 1-0

[Event "41st Olympiad Women 2014"]
[Site "Tromso NOR"]
[Date "2014.08.11"]
[Round "9.13"]
[Board "3"]
[White "Nikolova, Adriana"]
[Black "Franco Valencia, Angela"]
[Result "1-0"]
[WhiteTitle "WGM"]
[BlackTitle "WIM"]
[WhiteElo "2325"]
[BlackElo "2186"]
[WhiteTeam "Bulgaria"]
[BlackTeam "Colombia"]
[WhiteFideId "2908689"]
[BlackFideId "4403070"]
[EventDate "2014.08.02"]

1. e4 c5 2. Nf3 d6 3. c3 Nf6 4. Qc2 g6 5. d4 Bg7 6. dxc5 dxc5 7. Bf4 Nh5 8. Be3
Qc7 9. a4 O-O 10. Bc4 Nc6 11. Na3 Na5 12. Nb5 Qb8 13. Ba2 a6 14. Na3 Qc7 15. O-O
Bg4 16. Nd2 Rad8 17. Rfe1 Nf4 18. f3 Be6 19. Bxe6 Nxe6 20. Nac4 Nc6 21. a5 Ne5
22. Nb6 Rfe8 23. Nf1 Qc6 24. Red1 Rxd1 25. Rxd1 Qb5 26. Nd5 Nc4 27. b4 cxb4 28.
cxb4 Nxe3 29. Nfxe3 Nd4 30. Qc4 e6 31. Rxd4 Bxd4 32. Qxd4 exd5 33. Nxd5 Re6 34.
Nc7 Qg5 35. Nxe6 fxe6 36. Qc3 Qb5 37. Kf2 Qd7 38. Ke3 Qb5 39. Qc8+ Kf7 40. Qc7+
Kg8 41. Qd6 Kf7 42. e5 g5 43. g3 h5 44. f4 gxf4+ 45. gxf4 Qc4 46. Qd7+ Kg6 47.
Qd3+ Qxd3+ 48. Kxd3 Kf5 49. Ke3 Kg4 50. h3+ 1-0

[Event "41st Olympiad Women 2014"]
[Site "Tromso NOR"]
[Date "2014.08.11"]
[Round "9.13"]
[Board "4"]
[White "Castrillon Gomez, Melissa"]
[Black "Djingarova, Emilia"]
[Result "0-1"]
[WhiteTitle "WIM"]
[BlackTitle "WGM"]
[WhiteElo "2168"]
[BlackElo "2303"]
[WhiteTeam "Colombia"]
[BlackTeam "Bulgaria"]
[WhiteFideId "4402413"]
[BlackFideId "2903229"]
[EventDate "2014.08.02"]

1. e4 e5 2. Nf3 d6 3. Nc3 Nf6 4. g3 Be7 5. Bg2 O-O 6. d3 Nc6 7. h3 d5 8. exd5
Nxd5 9. O-O Be6 10. Re1 Nxc3 11. bxc3 Qd7 12. Kh2 f6 13. Qe2 Bd5 14. Bb2 Rfe8
15. h4 Bc5 16. Bh3 Qe7 17. a4 e4 18. Qf1 Qf7 19. Nd2 exd3 20. cxd3 Be6 21. Ne4
Bxh3 22. Qxh3 Bf8 23. d4 Qb3 24. Rab1 Qd5 25. Rbc1 Na5 26. Qg2 Kh8 27. Rb1 Nc4
28. Bc1 f5 29. Rb5 c5 30. f3 a6 31. Rb1 cxd4 32. Bf4 fxe4 33. fxe4 Qd7 34. cxd4
Qxd4 35. Rxb7 Ne5 36. Rc1 Rab8 37. Rxb8 Rxb8 38. Kh3 Rb2 39. Bxe5 Qd7+ 0-1

[Event "41st Olympiad Women 2014"]
[Site "Tromso NOR"]
[Date "2014.08.11"]
[Round "9.14"]
[Board "1"]
[White "Pourkashiyan, Atousa"]
[Black "Saduakassova, Dinara"]
[Result "0-1"]
[WhiteTitle "WGM"]
[BlackTitle "WGM"]
[WhiteElo "2352"]
[BlackElo "2375"]
[WhiteTeam "Iran"]
[BlackTeam "Kazakhstan"]
[WhiteFideId "12502014"]
[BlackFideId "13700090"]
[EventDate "2014.08.02"]

1. e4 c5 2. Nf3 d6 3. d4 cxd4 4. Nxd4 Nf6 5. Nc3 e6 6. Be2 Be7 7. O-O O-O 8. f4
Nc6 9. Be3 e5 10. Nb3 exf4 11. Bxf4 Be6 12. Kh1 d5 13. e5 Ne4 14. Bd3 f5 15.
exf6 Bxf6 16. Nxe4 dxe4 17. Bxe4 Qxd1 18. Raxd1 Bxb2 19. Rb1 Bc4 20. Bd3 Bxd3
21. cxd3 Rae8 22. Rxb2 Rxf4 23. Kg1 Rxf1+ 24. Kxf1 b6 25. d4 Rd8 26. Rd2 a5 27.
a4 Kf7 28. Ke2 Ke6 29. Kd3 Nb4+ 30. Kc4 Rc8+ 31. Kb5 Nd5 32. g3 Kd6 33. Rd3 Rc6
34. Nc5 bxc5 35. Kxa5 c4 36. Rd1 c3 37. Rc1 Rc4 38. Rc2 Rxd4 0-1

[Event "41st Olympiad Women 2014"]
[Site "Tromso NOR"]
[Date "2014.08.11"]
[Round "9.14"]
[Board "2"]
[White "Abdumalik, Zhansaya"]
[Black "Khademalsharieh, Sarasadat"]
[Result "0-1"]
[WhiteTitle "WGM"]
[BlackTitle "WGM"]
[WhiteElo "2333"]
[BlackElo "2324"]
[WhiteTeam "Kazakhstan"]
[BlackTeam "Iran"]
[WhiteFideId "13703544"]
[BlackFideId "12512214"]
[EventDate "2014.08.02"]

1. e4 e5 2. Nf3 Nc6 3. Bb5 f5 4. Qe2 fxe4 5. Qxe4 Nf6 6. Qe2 e4 7. d3 Qe7 8.
dxe4 Qxe4 9. Be3 d5 10. Nbd2 Qe7 11. O-O Bd7 12. Rfe1 O-O-O 13. Qf1 Qd6 14. Bxc6
Bxc6 15. Bxa7 Qb4 16. a4 Bd6 17. Bd4 Bf4 18. Qd3 Ne4 19. c3 Qd6 20. Nf1 Qg6 21.
Qd1 Rhf8 22. N3d2 Ng5 23. Ng3 h5 24. h4 Ne6 25. Ndf1 Nxd4 26. Qxd4 Bd6 27. b4
Rf4 28. Qd2 Rdf8 29. Re2 d4 30. cxd4 Rxh4 31. d5 Bxb4 32. Qa2 Bd7 33. Qc2 Qxc2
34. Rxc2 b6 35. Nh2 Rd4 36. Nxh5 Rxd5 37. Ng3 Kb7 38. Nf3 Ra8 39. Rc4 c5 40. Re4
Rxa4 41. Rxa4 Bxa4 42. Rg4 Rd7 43. Ne5 Re7 44. Nc4 Bd7 45. Rg6 b5 46. Nd6+ Kc7
47. Ndf5 Re1+ 48. Kh2 Bc3 49. Nxg7 b4 50. N7f5 b3 51. Ne3 Rxe3 0-1

[Event "41st Olympiad Women 2014"]
[Site "Tromso NOR"]
[Date "2014.08.11"]
[Round "9.14"]
[Board "3"]
[White "Hejazipour, Mitra"]
[Black "Davletbayeva, Madina"]
[Result "1/2-1/2"]
[WhiteTitle "WIM"]
[BlackTitle "WIM"]
[WhiteElo "2269"]
[BlackElo "2289"]
[WhiteTeam "Iran"]
[BlackTeam "Kazakhstan"]
[WhiteFideId "12505951"]
[BlackFideId "13703595"]
[EventDate "2014.08.02"]

1. Nf3 Nf6 2. c4 e6 3. Nc3 Bb4 4. Qc2 c5 5. a3 Ba5 6. Nb5 O-O 7. Nd6 Nc6 8. e3
a6 9. Be2 Bc7 10. Nxc8 Rxc8 11. O-O Bb8 12. d4 cxd4 13. exd4 d5 14. c5 Qc7 15.
g3 Ne4 16. Bf4 Qe7 17. Bxb8 Rxb8 18. b4 f5 19. Qb2 g5 20. Rad1 g4 21. Nh4 Qg7
22. Ng2 Ng5 23. Nf4 Qh6 24. f3 Nh3+ 25. Nxh3 Qxh3 26. Qc3 gxf3 27. Rxf3 Rf6 28.
Qe3 Kh8 29. Rd2 Rbf8 30. Rf4 Qh6 31. Bf1 Ne7 32. Rdf2 Ng6 33. R4f3 f4 34. Qe2
Qg5 35. Bg2 Qh5 36. gxf4 Nxf4 37. Qf1 Qg5 38. Kh1 R8f7 39. Rg3 Qh4 40. Bf3 Qh6
41. Qg1 Rf8 42. Qf1 R6f7 43. a4 Qf6 44. Qd1 Qh4 45. Qf1 Qf6 46. Qd1 Qh4 47. Qf1
Qf6 1/2-1/2

[Event "41st Olympiad Women 2014"]
[Site "Tromso NOR"]
[Date "2014.08.11"]
[Round "9.14"]
[Board "4"]
[White "Dauletova, Gulmira"]
[Black "Asgarizadeh, Minoo"]
[Result "1-0"]
[WhiteTitle "WIM"]
[BlackTitle "WFM"]
[WhiteElo "2252"]
[BlackElo "2147"]
[WhiteTeam "Kazakhstan"]
[BlackTeam "Iran"]
[WhiteFideId "13702971"]
[BlackFideId "12512230"]
[EventDate "2014.08.02"]

1. e4 g6 2. d4 Bg7 3. Nc3 d6 4. f4 Nf6 5. Bd3 e5 6. dxe5 dxe5 7. Bb5+ Nfd7 8.
Nf3 O-O 9. O-O a6 10. Bd3 Nc6 11. f5 Nc5 12. Bg5 Qd6 13. fxg6 hxg6 14. Bc4 Qxd1
15. Raxd1 Be6 16. Bd5 Rfe8 17. Be3 Bf8 18. Ng5 Nd8 19. b4 c6 20. bxc5 cxd5 21.
exd5 Bf5 22. Rd2 Bh6 23. Re1 Bg7 24. Nge4 Bxe4 25. Nxe4 f5 26. Nd6 Re7 27. Bd4
Bh6 28. Rde2 e4 29. Nc4 Kf7 30. Nb6 Rb8 31. c3 Bg5 32. g3 Bf6 33. Kg2 Kg7 34.
Rb1 g5 35. Rf1 Kg6 36. d6 Rf7 37. Bxf6 Kxf6 38. Rxe4 Ne6 39. Nd5+ 1-0

[Event "41st Olympiad Women 2014"]
[Site "Tromso NOR"]
[Date "2014.08.11"]
[Round "9.15"]
[Board "1"]
[White "Kurbonboeva, Sarvinoz"]
[Black "Ordaz Valdes, Lisandra Teresa"]
[Result "1/2-1/2"]
[WhiteTitle "WFM"]
[BlackTitle "WGM"]
[WhiteElo "2228"]
[BlackElo "2345"]
[WhiteTeam "Uzbekistan"]
[BlackTeam "Cuba"]
[WhiteFideId "14201780"]
[BlackFideId "3506940"]
[EventDate "2014.08.02"]

1. d4 Nf6 2. c4 e6 3. Nf3 Bb4+ 4. Bd2 a5 5. g3 d5 6. Qc2 Nc6 7. Bg2 dxc4 8. Qxc4
Qd5 9. Qxd5 exd5 10. Nc3 Be6 11. Rc1 Bxc3 12. Bxc3 O-O 13. O-O Ne4 14. Rfd1 Nb4
15. Be1 Rfc8 16. a3 Nc6 17. Ne5 Ne7 18. Nd3 b6 19. f3 Nd6 20. e4 Nc4 21. Bf2 c6
22. Rc2 a4 23. Nf4 Bd7 24. Bf1 b5 25. Nd3 dxe4 26. fxe4 Bg4 27. Re1 Na5 28. Nc5
f5 29. h3 Bf3 30. Re3 fxe4 31. Nxe4 Bxe4 32. Rxe4 Nd5 33. Re6 Kf7 34. Re5 Rd8
35. Rf5+ Kg8 36. Rc5 Nb3 37. Rc2 Ne7 38. Rf4 Rd6 39. Re2 Nd5 40. Rfe4 Rad8 41.
Bg2 1/2-1/2

[Event "41st Olympiad Women 2014"]
[Site "Tromso NOR"]
[Date "2014.08.11"]
[Round "9.15"]
[Board "2"]
[White "Marrero Lopez, Yaniet"]
[Black "Gevorgyan, Irina"]
[Result "0-1"]
[WhiteTitle "WGM"]
[BlackTitle "WFM"]
[WhiteElo "2324"]
[BlackElo "2141"]
[WhiteTeam "Cuba"]
[BlackTeam "Uzbekistan"]
[WhiteFideId "3503950"]
[BlackFideId "14201437"]
[EventDate "2014.08.02"]

1. e4 c5 2. Nf3 e6 3. d4 cxd4 4. Nxd4 a6 5. Bd3 Nf6 6. O-O Qc7 7. Nc3 Bd6 8. Kh1
Nc6 9. Nxc6 bxc6 10. f4 e5 11. f5 Be7 12. Qf3 O-O 13. Bg5 Bb7 14. Ne2 d5 15. Ng3
Rfd8 16. Bxf6 Bxf6 17. Nh5 Qe7 18. Rae1 Kh8 19. Qg4 c5 20. exd5 Rxd5 21. Be4 Rd4
22. c3 Rxe4 23. Rxe4 Bxe4 24. Qxe4 Rd8 25. h3 h6 26. b3 Rd2 27. Qa8+ Kh7 28.
Qxa6 e4 29. Ng3 e3 30. Ne2 Qe4 31. Rg1 Be5 32. f6 c4 33. Re1 Rxe2 0-1

[Event "41st Olympiad Women 2014"]
[Site "Tromso NOR"]
[Date "2014.08.11"]
[Round "9.15"]
[Board "3"]
[White "Baymuratova, Sevara"]
[Black "Pina Vega, Sulennis"]
[Result "1/2-1/2"]
[WhiteTitle "WFM"]
[BlackTitle "WGM"]
[WhiteElo "2127"]
[BlackElo "2270"]
[WhiteTeam "Uzbekistan"]
[BlackTeam "Cuba"]
[WhiteFideId "14202182"]
[BlackFideId "3503151"]
[EventDate "2014.08.02"]

1. d4 d5 2. Nf3 Nf6 3. c4 dxc4 4. e3 b5 5. a4 b4 6. Bxc4 e6 7. Qe2 Be7 8. O-O
O-O 9. Rd1 Bb7 10. Nbd2 c5 11. dxc5 Nbd7 12. Nb3 Qc7 13. a5 Ng4 14. e4 Nxc5 15.
h3 Ne5 16. Nxe5 Qxe5 17. f3 Nxb3 18. Bxb3 Bc5+ 19. Kh1 a6 20. Bc2 Rfd8 21. f4
Rxd1+ 22. Qxd1 Qc7 23. Qe2 Rd8 24. Bd2 Bd4 25. Bxb4 Bxb2 26. Rb1 Bd4 27. e5 g6
28. Bd3 Qc6 29. Qc2 Qd5 30. Bc4 Qc6 31. Bd3 Qd5 32. Bc4 Qc6 33. Bd3 Qd5 34. Bc4
Qc6 35. Bd3 1/2-1/2

[Event "41st Olympiad Women 2014"]
[Site "Tromso NOR"]
[Date "2014.08.11"]
[Round "9.15"]
[Board "4"]
[White "Arribas Robaina, Maritza"]
[Black "Kakhramonova, Mokhinur"]
[Result "1/2-1/2"]
[WhiteTitle "WGM"]
[WhiteElo "2291"]
[BlackElo "2044"]
[WhiteTeam "Cuba"]
[BlackTeam "Uzbekistan"]
[WhiteFideId "3501418"]
[BlackFideId "14201771"]
[EventDate "2014.08.02"]

1. e4 c6 2. d4 d5 3. e5 Bf5 4. Nf3 e6 5. Be2 c5 6. O-O Nc6 7. c3 Rc8 8. Be3 Qb6
9. b3 cxd4 10. Nxd4 Nxd4 11. Bxd4 Bc5 12. b4 Bxd4 13. Qxd4 Qxd4 14. cxd4 Rc2 15.
Re1 a6 16. a4 Ne7 17. b5 a5 18. b6 Nc8 19. Na3 Rd2 20. Ba6 Nxb6 21. Bxb7 O-O 22.
Nb5 Rb8 23. Ba6 Bd3 24. Red1 Rxd1+ 25. Rxd1 Bc2 26. Ra1 Nxa4 27. Nd6 Nc3 28. Nb7
a4 29. f3 h6 30. Kf2 Nb1 31. Ra2 Bb3 32. Ra1 Nd2 33. Ke3 Nc4+ 34. Kd3 Nb6 35.
Nc5 Nc4 36. Kc3 Ne3 37. g3 Nd1+ 38. Kd2 Nb2 39. Kc3 Nd1+ 40. Kd2 Nb2 41. Kc3
Nd1+ 1/2-1/2

[Event "41st Olympiad Women 2014"]
[Site "Tromso NOR"]
[Date "2014.08.11"]
[Round "9.16"]
[Board "1"]
[White "De Blecourt, Sandra"]
[Black "Havlikova, Kristyna"]
[Result "1-0"]
[WhiteTitle "WFM"]
[BlackTitle "WIM"]
[WhiteElo "2122"]
[BlackElo "2215"]
[WhiteTeam "Denmark"]
[BlackTeam "Czech Republic"]
[WhiteFideId "1004948"]
[BlackFideId "309672"]
[EventDate "2014.08.02"]

1. d4 Nf6 2. c4 g6 3. Nc3 d5 4. cxd5 Nxd5 5. Bd2 Bg7 6. e4 Nxc3 7. Bxc3 O-O 8.
Be2 c5 9. d5 Bxc3+ 10. bxc3 e6 11. Nf3 exd5 12. exd5 Qd6 13. O-O Bg4 14. Rb1 b6
15. Bb5 Qf6 16. c4 Nd7 17. Re1 Rfd8 18. h3 Bxf3 19. Qxf3 Qxf3 20. gxf3 Kf8 21.
Re3 Nf6 22. Rbe1 Ng8 23. f4 Kg7 24. Ra3 a5 25. Bc6 Rab8 26. Rae3 Kf6 27. Kg2 Nh6
28. Rb3 Nf5 29. Reb1 Nd6 30. Rxb6 Rxb6 31. Rxb6 Nxc4 32. Rb5 Nd6 33. Rxc5 Kf5
34. Kf3 Rb8 35. Rxa5 Rb4 36. Bd7+ Kf6 37. Ra6 Ke7 38. Ra4 Rb2 39. Bc6 Rc2 40.
Ra7+ Kf6 41. a4 Nf5 42. Be8 Nd6 43. Ra6 Ke7 44. Bc6 Rc3+ 45. Kg2 Rc2 46. Ra7+
Kf6 47. a5 Ra2 48. a6 Nc4 49. Rc7 Ne3+ 50. Kf3 Nd1 51. a7 Rxf2+ 52. Kg3 1-0

[Event "41st Olympiad Women 2014"]
[Site "Tromso NOR"]
[Date "2014.08.11"]
[Round "9.16"]
[Board "2"]
[White "Olsarova, Karolina"]
[Black "Guindy, Esmat"]
[Result "1-0"]
[WhiteTitle "WIM"]
[BlackTitle "WFM"]
[WhiteElo "2237"]
[BlackElo "2074"]
[WhiteTeam "Czech Republic"]
[BlackTeam "Denmark"]
[WhiteFideId "320242"]
[BlackFideId "1401637"]
[EventDate "2014.08.02"]

1. e4 e6 2. d4 d5 3. Nd2 Nf6 4. e5 Nfd7 5. Bd3 c5 6. c3 Nc6 7. Ne2 Rb8 8. Nf3 b5
9. O-O Qb6 10. Nf4 cxd4 11. cxd4 Nxd4 12. Nxd4 Qxd4 13. Nxe6 Qb6 14. Nxf8 Nxf8
15. Be3 Qb7 16. Bc5 Bd7 17. Qd2 Ne6 18. Bd6 Rc8 19. f4 g6 20. f5 gxf5 21. Rxf5
Nc5 22. Rxf7 Kxf7 23. Qf2+ Ke8 24. Qf6 Be6 25. Bxb5+ 1-0

[Event "41st Olympiad Women 2014"]
[Site "Tromso NOR"]
[Date "2014.08.11"]
[Round "9.16"]
[Board "3"]
[White "Frank-Nielsen, Marie"]
[Black "Sikorova, Olga"]
[Result "0-1"]
[WhiteTitle "WFM"]
[BlackTitle "WGM"]
[WhiteElo "1969"]
[BlackElo "2289"]
[WhiteTeam "Denmark"]
[BlackTeam "Czech Republic"]
[WhiteFideId "1409344"]
[BlackFideId "307033"]
[EventDate "2014.08.02"]

1. e4 e6 2. d4 d5 3. e5 c5 4. c3 Nc6 5. Nf3 Bd7 6. Bd3 cxd4 7. O-O Rc8 8. Re1
Nge7 9. h4 h6 10. h5 a6 11. a3 Nf5 12. Bxf5 exf5 13. cxd4 Be6 14. Nc3 g5 15.
hxg6 fxg6 16. Ne2 g5 17. Nh2 f4 18. Bxf4 gxf4 19. Nxf4 Qd7 20. Qd3 Qf7 21. Nxe6
Qxe6 22. f4 Nxd4 23. Rf1 Bc5 24. Kh1 Qf5 25. Qg3 Kf7 26. e6+ Nxe6 27. Ng4 Qh5+
28. Nh2 Rhg8 29. Qd3 Nd4 30. b4 Bb6 31. Rae1 Rc2 32. Qh7+ Rg7 33. Re7+ Kxe7 34.
Qxg7+ Qf7 35. Qxh6 Rc6 36. Qh4+ Kf8 37. Ng4 Nf5 38. Qh8+ Qg8 39. Qxg8+ Kxg8 40.
Rf3 d4 41. g3 Rg6 42. Ne5 Rxg3 43. Rxg3+ Nxg3+ 44. Kg2 Nf5 45. Kf3 Nd6 46. Ke2
Nb5 47. Nc4 Bc7 48. Kd3 Bxf4 49. a4 Nd6 50. Kxd4 Nxc4 51. Kxc4 Kf7 52. Kc5 Bc7
53. b5 a5 54. b6 Bg3 55. Kc4 Ke6 56. Kc5 Be1 57. Kc4 Kd6 58. Kb5 Bb4 0-1